| 000 | 00000nam##2200000za#4500 |
| 001 | 9.663856 |
| 003 | CaOODSP |
| 005 | 20241126152745 |
| 007 | ta |
| 008 | 150407|2002||||xxc||||| f|0| 0 fre|d |
| 020 | |a0-662-66681-X |
| 040 | |aCaOODSP|bfre |
| 041 | |aeng |
| 041 | |afre |
| 043 | |an-cn--- |
| 086 | 1 |aPF4-7/2002-2 |
| 110 | 1 |aCanada.|bCommunication Canada. |
| 245 | 10|aÀ l'écoute des Canadiens: Enquête sur les communications : |bPrintemps 2002 |
| 260 | |aOttawa - Ontario : |bCommunication Canada |c2002. |
| 300 | |aTexte français, 50p. : |bgraphiques, tableaux ; |c28 cm. |
| 520 | 3 |aCe rapport porte sur les résultats d’un sondage effectué au printemps 2002 auprès de 5 422 adultes dans tout le Canada. Communication Canada a mené cette enquête afin de demander aux Canadiens leurs perceptions des soins de santé, de la reddition de comptes par le gouvernement et de l’économie. Bien que les soins de santé constituent une importante préoccupation pour les Canadiens, seulement près de la moitié de la population est au fait de l’existence de la Commission Romanow. D’autres préoccupations d’importance pour les Canadiens sont l’éducation et l’économie. L’évaluation du gouvernement par les Canadiens est modérément positive en ce qui concerne l’économie et les relations et la sécurité internationales. |
| 563 | |aReliure à spirale |
| 590 | |a02-37|b2002-09-13 |
| 691 | 07|aEnquête|2gcpds |
| 691 | 07|aInstitution fédérale|2gcpds |
| 691 | 07|aServices gouvernementaux|2gcpds |
| 776 | 0#|tÀ l'écoute des Canadiens Enquête sur les communications : |w(CaOODSP)9.945610 |
| 791 | |tListening to Canadians Communications Survey : |eeng|w(CaOODSP)9.663855 |